000
00251nam a2200109 4500
082
_a
001.6424SHU
100
_a
Shukla, R.Y
245
_a
Basic Programming Lab Work Manual
260
_a
India:
_b
BPB Publications,
_c
1995.
300
_a
181p. ;
942
_c
BK
999
_c
8718
_d
8718